[Event "Titled Tuesday intern op 06th Feb Late"]
[Site "Chess.com INT"]
[Date "2024.02.06"]
[Round "3"]
[White "Vila Dupla, Aurelio"]
[Black "Rodriguez Fontecha, Marcos"]
[Result "1-0"]
[WhiteElo "2042"]
[BlackElo "2289"]
[PlyCount "89"]
[EventDate "2024.02.06"]
[EventType "swiss (blitz)"]
[EventRounds "11"]
[EventCountry "USA"]
[SourceTitle "CB07_2024"]
[SourceDate "2024.02.14"]
[SourceVersion "1"]
[SourceVersionDate "2024.02.14"]
[SourceQuality "1"]

1. e4 e6 2. d4 d5 3. e5 c5 4. Nf3 Nc6 5. dxc5 Bxc5 6. Bd3 Nge7 7. 0-0 Ng6 8. Qe2 Qc7 9. Re1 Bd7 10. h4 0-0-0 11. h5 Nge7 12. c3 f6 13. b4 Bb6 14. a4 a5 15. Na3 Nxe5 16. Nxe5 fxe5 17. Nb5 Bxb5 18. Bxb5 e4 19. c4 Bd4 20. Rb1 Rhf8 21. Be3 Qe5 22. Bxd4 Qxd4 23. Red1 Qe5 24. bxa5 d4 25. a6 b6 26. c5 bxc5 27. a7 Kc7 28. Ba6 Ra8 29. Rb7+ Kd6 30. Qb5 Nc6 31. Rxg7 Qxg7 32. Bb7 Qc7 33. Rc1 Rxa7 34. Qxc5+ Kd7 35. Bxc6+ Qxc6 36. Qxc6+ Ke7 37. Qc5+ Kf6 38. Qxd4+ Kg5 39. Qxa7 Rf5 40. Qe3+ Kxh5 41. Ra1 Ra5 42. Qc3 Ra6 43. Qd4 e3 44. Qxe3 Kg6 45. Qd3+ 1-0

[Event "Titled Tuesday intern op 05th Sep Early"]
[Site "Chess.com INT"]
[Date "2023.09.05"]
[Round "2"]
[White "Rodriguez Fontecha, Marcos"]
[Black "Laddha, Shubh Jayesh"]
[Result "0-1"]
[WhiteElo "2289"]
[BlackElo "2373"]
[PlyCount "40"]
[EventDate "2023.09.05"]
[EventType "swiss (blitz)"]
[EventRounds "11"]
[EventCountry "USA"]
[SourceTitle "EXT 2024"]
[Source "ChessBase"]
[SourceDate "2023.10.10"]
[SourceVersion "1"]
[SourceVersionDate "2023.10.10"]
[SourceQuality "1"]

1. e4 e5 2. Nf3 Nc6 3. d4 exd4 4. Bc4 Nf6 5. e5 d5 6. Bb5 Ne4 7. Nxd4 Bc5 8. 0-0 0-0 9. Nxc6 bxc6 10. Bxc6 Ba6 11. Be3 Bxe3 12. fxe3 Bxf1 13. Bxa8 Bc4 14. Bc6 Qg5 15. Qf3 Qxe5 16. c3 Qd6 17. Ba4 Qa6 18. Bc2 Be2 19. Qf4 Qb6 20. b3 g5 0-1

[Event "Titled Tuesday intern op 05th Sep Early"]
[Site "Chess.com INT"]
[Date "2023.09.05"]
[Round "1"]
[White "Srihari, LR."]
[Black "Rodriguez Fontecha, Marcos"]
[Result "1-0"]
[WhiteElo "2444"]
[BlackElo "2289"]
[PlyCount "75"]
[EventDate "2023.09.05"]
[EventType "swiss (blitz)"]
[EventRounds "11"]
[EventCountry "USA"]
[SourceTitle "EXT 2024"]
[Source "ChessBase"]
[SourceDate "2023.10.10"]
[SourceVersion "1"]
[SourceVersionDate "2023.10.10"]
[SourceQuality "1"]

1. b3 e5 2. Bb2 Nc6 3. e3 g6 4. d4 Bg7 5. d5 Nce7 6. c4 d6 7. Nc3 f5 8. Bd3 Nf6 9. Nge2 0-0 10. 0-0 c5 11. dxc6 bxc6 12. Qd2 Be6 13. Rad1 Qc7 14. f4 Rad8 15. h3 h6 16. Rc1 g5 17. Bb1 Qb6 18. Kh2 g4 19. Ng3 exf4 20. exf4 d5 21. Na4 Qb8 22. Qe2 Ne4 23. Bxg7 Kxg7 24. cxd5 cxd5 25. hxg4 Ng6 26. gxf5 Nxg3 27. Kxg3 Bxf5 28. Bxf5 Rxf5 29. Nc5 Rd6 30. Qg4 Rdf6 31. Nd7 Qd6 32. Nxf6 Qxf6 33. Rc6 Qxc6 34. Qxf5 Qc3+ 35. Kh2 Qd4 36. Rf3 h5 37. Rg3 Qf6 38. Qxh5 1-0

[Event "Titled Tuesday intern op 29th Aug Early"]
[Site "Chess.com INT"]
[Date "2023.08.29"]
[Round "5"]
[White "Rodriguez Fontecha, Marcos"]
[Black "Parpiev, Isaak"]
[Result "0-1"]
[WhiteElo "2309"]
[BlackElo "2123"]
[PlyCount "94"]
[EventDate "2023.08.29"]
[EventType "swiss (blitz)"]
[EventRounds "11"]
[EventCountry "USA"]
[SourceTitle "EXT 2024"]
[Source "ChessBase"]
[SourceDate "2023.10.10"]
[SourceVersion "1"]
[SourceVersionDate "2023.10.10"]
[SourceQuality "1"]

1. e4 c6 2. d4 d5 3. Nc3 dxe4 4. Nxe4 Bf5 5. Ng3 Bg6 6. Nf3 Nd7 7. c3 Ngf6 8. Bc4 e6 9. Qe2 Bd6 10. 0-0 Qc7 11. Re1 0-0 12. Ne5 c5 13. Bg5 a6 14. Bb3 b5 15. Rad1 Rae8 16. h4 c4 17. Nxd7 Qxd7 18. Bc2 Bxc2 19. Qxc2 Nd5 20. Ne4 h6 21. Bc1 Be7 22. h5 f5 23. Nd2 Bd6 24. Nf3 Qf7 25. Ne5 Qxh5 26. Qe2 Qxe2 27. Rxe2 Bxe5 28. Rxe5 Kf7 29. Rde1 Re7 30. Bd2 Rfe8 31. g3 g5 32. f3 Rd7 33. Ra1 a5 34. Kf2 Rb8 35. b3 Rc7 36. Rae1 Rc6 37. Rh1 Kg6 38. Rhe1 Rbb6 39. g4 fxg4 40. fxg4 Ra6 41. Kg2 a4 42. b4 a3 43. Rf1 Kg7 44. Re2 Rc8 45. Ref2 Ra7 46. Kg3 Re7 47. Re2 Rf7 0-1

[Event "Titled Tuesday intern op 22nd Aug Early"]
[Site "Chess.com INT"]
[Date "2023.08.22"]
[Round "8"]
[White "Khamdamova, Afruza"]
[Black "Rodriguez Fontecha, Marcos"]
[Result "1-0"]
[WhiteElo "2140"]
[BlackElo "2309"]
[PlyCount "81"]
[EventDate "2023.08.22"]
[EventType "swiss (blitz)"]
[EventRounds "11"]
[EventCountry "USA"]
[SourceTitle "EXT 2024"]
[Source "ChessBase"]
[SourceDate "2023.10.10"]
[SourceVersion "1"]
[SourceVersionDate "2023.10.10"]
[SourceQuality "1"]

1. e4 e6 2. d4 d5 3. Nd2 Nf6 4. e5 Nfd7 5. Bd3 c5 6. c3 Nc6 7. Ne2 cxd4 8. cxd4 f6 9. exf6 Qxf6 10. Nf3 h6 11. 0-0 Bd6 12. Ng3 0-0 13. Be3 Rd8 14. Nh5 Qf7 15. Nh4 Nf8 16. Ng3 Bd7 17. Rc1 Be8 18. Bb1 Qf6 19. Nf3 Rac8 20. Qe2 a6 21. Rfd1 Bg6 22. Bxg6 Nxg6 23. Qd3 Nb4 24. Qb3 b5 25. a3 Nc6 26. Rc3 Na5 27. Qc2 Rxc3 28. Qxc3 Nc4 29. Bc1 Kh7 30. b3 Nb6 31. Qa5 Bc7 32. Qxa6 Nf4 33. Qxb5 h5 34. Bxf4 Qxf4 35. Nxh5 Qe4 36. Ng3 Qc2 37. Qd3+ Qxd3 38. Rxd3 Nc8 39. Ng5+ Kg6 40. Nxe6 Rd7 41. Nf8+ 1-0